MyGZULibrary

Nuclear cardiology : (Record no. 5015)

MARC details
000 -LEADER
fixed length control field 03277cam a22004334a 4500
001 - CONTROL NUMBER
control field 15197234
003 - CONTROL NUMBER IDENTIFIER
control field GZU
005 - DATE AND TIME OF LATEST TRANSACTION
control field 20210326083155.0
008 - FIXED-LENGTH DATA ELEMENTS--GENERAL INFORMATION
fixed length control field 080226s2009 nyuaf b 001 0 eng
010 ## - LIBRARY OF CONGRESS CONTROL NUMBER
LC control number 2008009015
020 ## - INTERNATIONAL STANDARD BOOK NUMBER
International Standard Book Number 9780071464758 (hardcover : alk. paper)
020 ## - INTERNATIONAL STANDARD BOOK NUMBER
International Standard Book Number 0071464751 (hardcover : alk. paper)
035 ## - SYSTEM CONTROL NUMBER
System control number (DNLM)101467064
040 ## - CATALOGING SOURCE
Original cataloging agency DNLM/DLC
Transcribing agency DLC
Modifying agency DLC
042 ## - AUTHENTICATION CODE
Authentication code pcc
050 00 - LIBRARY OF CONGRESS CALL NUMBER
Classification number RC683.5.R33
Item number NUC 2009
245 00 - TITLE STATEMENT
Title Nuclear cardiology :
Remainder of title technical applications /
Statement of responsibility, etc. [edited by] Gary V. Heller, April Mann, Robert C. Hendel.
260 ## - PUBLICATION, DISTRIBUTION, ETC.
Place of publication, distribution, etc. New York :
Name of publisher, distributor, etc. McGraw-Hill Medical,
Date of publication, distribution, etc. c2009.
300 ## - PHYSICAL DESCRIPTION
Extent xv, 336 p., [16] p. of plates :
Other physical details ill. ;
Dimensions 25 cm.
504 ## - BIBLIOGRAPHY, ETC. NOTE
Bibliography, etc. note Includes bibliographical references and index.
505 0# - FORMATTED CONTENTS NOTE
Formatted contents note SPECT instrumentation / James Kritzman -- Positron emission tomography instrumentation / R. Glenn Wells, Robert A. deKemp, and Rob S.B. Beanlands -- Basic principles of flow tracers / Haris Athar and Gary V. Heller -- PET radiopharmaceuticals / Gavin Noble -- Fatty acid metabolic SPECT imaging : applications in nuclear cardiology / Christopher Pastore ... [et al.] -- Cardiac neuronal imaging with 123 I-mIBG / Mark I. Travin --
505 0# - FORMATTED CONTENTS NOTE
Formatted contents note Exercise testing / Brian G. Abbott -- Pharmacologic stress testing in myocardial perfusion imaging : technical application / Rami Doukky -- Protocols and acquisition parameters for SPECT myocardial perfusion imaging / April Mann -- Myocardial SPECT processing / Russell D. Folks -- Technical considerations in quantifying myocardial perfusion and function / Edward P. Ficaro and James R. Corbett --
505 0# - FORMATTED CONTENTS NOTE
Formatted contents note Artifacts and quality control for myocardial perfusion SPECT including attenuation correction / S. James Cullom -- Positron emission tomographic techniques and procedures : myocardial perfusion imaging / Timothy M. Bateman -- PET for assessing myocardial viability / Marcelo F. Di Carli -- Attenuation and scatter correction in cardiac PET / James A. Case and Bai Ling Hsu --
505 0# - FORMATTED CONTENTS NOTE
Formatted contents note Fundamentals of computed tomography and computed tomography angiography / James A. Case, Bai Ling Hsu, and S. James Cullom -- Technical aspects of scintigraphic evaluation of ventricular function / Kim A. Williams -- ECG-gated spect imaging / James A. Arrighi -- Planar and SPECT equilibrium radionuclide angiography / James A. Arrighi, Brian G. Abbott, and Frans J.Th. Wackers -- Radiation safety / Jennifer Prekeges.
650 #0 - SUBJECT ADDED ENTRY--TOPICAL TERM
Topical term or geographic name entry element Heart
General subdivision Radionuclide imaging.
650 12 - SUBJECT ADDED ENTRY--TOPICAL TERM
Topical term or geographic name entry element Heart
General subdivision radionuclide imaging.
650 22 - SUBJECT ADDED ENTRY--TOPICAL TERM
Topical term or geographic name entry element Cardiovascular Diseases
General subdivision radionuclide imaging.
650 22 - SUBJECT ADDED ENTRY--TOPICAL TERM
Topical term or geographic name entry element Nuclear Medicine
General subdivision methods.
650 22 - SUBJECT ADDED ENTRY--TOPICAL TERM
Topical term or geographic name entry element Radiopharmaceuticals
General subdivision pharmacology.
650 22 - SUBJECT ADDED ENTRY--TOPICAL TERM
Topical term or geographic name entry element Tomography, Emission-Computed, Single-Photon.
700 1# - ADDED ENTRY--PERSONAL NAME
Personal name Heller, Gary V.
Relator term editor
700 1# - ADDED ENTRY--PERSONAL NAME
Personal name Mann, April.
Relator term editor
700 1# - ADDED ENTRY--PERSONAL NAME
Personal name Hendel, Robert.
Relator term editor
856 42 - ELECTRONIC LOCATION AND ACCESS
Materials specified Contributor biographical information
Uniform Resource Identifier <a href="http://www.loc.gov/catdir/enhancements/fy0826/2008009015-b.html">http://www.loc.gov/catdir/enhancements/fy0826/2008009015-b.html</a>
856 42 - ELECTRONIC LOCATION AND ACCESS
Materials specified Publisher description
Uniform Resource Identifier <a href="http://www.loc.gov/catdir/enhancements/fy0826/2008009015-d.html">http://www.loc.gov/catdir/enhancements/fy0826/2008009015-d.html</a>
856 41 - ELECTRONIC LOCATION AND ACCESS
Materials specified Table of contents only
Uniform Resource Identifier <a href="http://www.loc.gov/catdir/enhancements/fy0826/2008009015-t.html">http://www.loc.gov/catdir/enhancements/fy0826/2008009015-t.html</a>
906 ## - LOCAL DATA ELEMENT F, LDF (RLIN)
a 7
b cbc
c orignew
d 1
e ecip
f 20
g y-gencatlg
942 ## - ADDED ENTRY ELEMENTS (KOHA)
Source of classification or shelving scheme Library of Congress Classification
Koha item type Books
Classification part 683.5
Item part NUC
Call number prefix RC
Holdings
Withdrawn status Lost status Source of classification or shelving scheme Damaged status Not for loan Collection code Home library Current library Shelving location Date acquired Inventory number Total Checkouts Full call number Barcode Date last seen Copy number Price effective from Koha item type
    Library of Congress Classification     Non-fiction City Campus Library City Campus Library General Stacks 03/26/2021 21148   RC683.5 NUC 2009 004322 03/26/2021 c.1 03/26/2021 Books
    Library of Congress Classification     Non-fiction City Campus Library City Campus Library General Stacks 03/26/2021 21147   RC683.5 NUC 2009 004323 03/26/2021 c. 2 03/26/2021 Books
    Library of Congress Classification     Non-fiction City Campus Library City Campus Library General Stacks 03/26/2021 18197   RC683.5 NUC 2009 003669 03/26/2021 c. 3 03/26/2021 Books